Mother, Father, Sister, or Brother? Quiz Stats

 Plays Quiz Updated Sep 20, 2018

Challenge
Share
Tweet
Embed
Score 0/40 Timer 05:00
7 Plays Today
Question Answer Wrong Answers
_____ Nature
Personification of the environment
Mother
95.1%
Father
0.3%
Sister
0.1%
Brother
0.2%
_____ Christmas
Alternate name for Santa Claus
Father
95%
Mother
0.5%
Sister
0.1%
Brother
0.2%
How I Met Your _____
CBS sitcom from 2005-2014
Mother
94.9%
Father
0.5%
Sister
0.3%
Brother
0.1%
Our _____
Alternate name for The Lord's Prayer
Father
94.2%
Mother
1.1%
Sister
0.2%
Brother
0.3%
_____ Act
Whoopi Goldberg movie
Sister
93.9%
Mother
1.1%
Father
0.5%
Brother
0.5%
Big _____
Nineteen-Eighty Four antagonist (or a reality TV series)
Brother
93.7%
Mother
0.4%
Father
0.6%
Sister
1%
Founding _____
Someone who establishes an institution
Father
93.6%
Mother
1%
Sister
0.5%
Brother
0.7%
The Marx _____
'A Night at the Opera' comedy troupe
Brothers
93.6%
Mothers
0.7%
Fathers
0.7%
Sisters
0.8%
The _____ Grimm
German folklore collectors
Brothers
93.5%
Mothers
0.6%
Fathers
1.1%
Sisters
0.5%
Band of _____
HBO World War II miniseries based on a Stephen Ambrose nonfiction work (taken from Shakespeare)
Brothers
93.3%
Mothers
0.4%
Fathers
1%
Sisters
1%
Blood _____
Long running British musical (or a Bruce Springsteen song)
Brothers
92.5%
Mothers
0.5%
Fathers
0.5%
Sisters
2.2%
_____ Goose
Figure associated with fairy tales and nursery rhymes
Mother
92.3%
Father
2.9%
Sister
0.4%
Brother
0.4%
_____ Nature's Son
Song by The Beatles
Mother
92.1%
Father
2.1%
Sister
0.4%
Brother
1%
Twisted _____
'We're Not Gonna Take It' band
Sister
91.5%
Mother
1.3%
Father
0.9%
Brother
1.9%
_____ and Sisters
ABC Drama from 2006-2011
Brothers
91.3%
Mothers
3.1%
Fathers
0.4%
Sisters
0.9%
_____ in Arms
Classic album by the Dire Straits
Brothers
89.6%
Mothers
2%
Fathers
1.6%
Sisters
2.5%
_____ Teresa
Roman Catholic saint
Mother
89.2%
Father
0.1%
Sister
6.5%
Brother
0.1%
_____ of the Bride
1950 Spencer Tracy film (or its 1991 Steve Martin remake)
Father
89.1%
Mother
5%
Sister
1.2%
Brother
0.5%
_____ Time
Anthropomorphized depiction of time
Father
88.5%
Mother
4.5%
Sister
1.4%
Brother
1.2%
The Pointer _____
'Jump (For My Love)' R&B group
Sisters
88.3%
Mothers
0.9%
Fathers
0.9%
Brothers
5.6%
Scissor _____
'I Don't Feel Like Dancin' pop group
Sisters
88.2%
Mothers
1.4%
Fathers
1%
Brothers
4.8%
Hey, Soul _____
2009 single by Train
Sister
87.5%
Mother
0.7%
Father
0.4%
Brother
7.1%
_____ Lode
Major vein of gold or silver
Mother
87.4%
Father
4.1%
Sister
2%
Brother
2%
O _____, Where Art Thou?
Coen Brothers adaptation of The Odyssey
Brother
86.9%
Mother
1.4%
Father
7.1%
Sister
0.3%
Seven _____
Name for seven universities that were traditionally female only
Sisters
86.9%
Mothers
1.6%
Fathers
0.5%
Brothers
6.7%
_____ Wives
Reality series about a polygamist family
Sister
85.9%
Mother
3.9%
Father
3.9%
Brother
2%
Hannah and Her _____
Woody Allen/Mia Farrow/Michael Caine movie
Sisters
85.7%
Mothers
1.9%
Fathers
1.9%
Brothers
6.1%
_____, _____
1990s sitcom starring the Mowry twins
Sister
83%
Mother
3.3%
Father
1.8%
Brother
7.6%
_____ Little Helper
Song by The Rolling Stones
Mother's
82.4%
Father's
8.9%
Sister's
2.7%
Brother's
1.6%
_____ Bear
2003 Disney animated film
Brother
81.8%
Mother
7.3%
Father
6.3%
Sister
0.5%
_____ Carrie
Classic Theodore Dreiser novel
Sister
79.9%
Mother
12%
Father
2.5%
Brother
0.9%
_____ Dowling Mysteries
Tom Bosley mystery series
Father
78%
Mother
5.1%
Sister
4.4%
Brother
7.9%
Am I My _____ Keeper?
Question associated with Cain and Abel
Brother's
72.1%
Mother's
4.2%
Father's
4%
Sister's
15.5%
Whistler's _____
Common name for 'Arrangement in Grey and Black No.1'
Mother
71.7%
Father
6.5%
Sister
10.2%
Brother
7%
Dreams from My _____
Barack Obama's first memoir
Father
70.9%
Mother
22.7%
Sister
0.8%
Brother
1.3%
_____ Ted
British comedy series
Father
69.1%
Mother
0.5%
Sister
1%
Brother
25%
_____ Damien
Figure associated with the lepers of Molokai
Father
66.5%
Mother
2.9%
Sister
2.4%
Brother
23.6%
_____ Jones
American trade union activist (or the magazine named for him/her)
Mother
46.1%
Father
21.1%
Sister
6.9%
Brother
21.4%
Atom Heart _____
Album by Pink Floyd
Mother
41%
Father
11.3%
Sister
18.8%
Brother
23.8%
Dance with My _____
Luther Vandross Grammy Song of the Year winner
Father
39.2%
Mother
34.3%
Sister
17.9%
Brother
4%

You're not logged in!

Compare scores with friends on all Sporcle quizzes.
OR
Log In

You Might Also Like...

Show Comments

Extras

Top Quizzes Today


Score Distribution

Your Account Isn't Verified!

In order to create a playlist on Sporcle, you need to verify the email address you used during registration. Go to your Sporcle Settings to finish the process.

Report this User

Report this user for behavior that violates our Community Guidelines.

Details: